[Event "ccc 2015 1"]
[Site "?"]
[Date "2015.04.29"]
[Round "1.1"]
[White "Eriksson, Christian Altenburg"]
[Black "Tikkanen, Hans"]
[Result "0-1"]
[BlackElo "2535"]
[WhiteElo "2137"]
[LiveChessVersion "1.4.5"]

1. e4 {[%clk 1:30:58]} e6 {[%clk 1:30:51]} 2. d4 {[%clk 1:31:11]} d5
{[%clk 1:31:19]} 3. e5 {[%clk 1:31:24]} c5 {[%clk 1:31:40]} 4. c3
{[%clk 1:31:48]} Qb6 {[%clk 1:31:46]} 5. Nf3 {[%clk 1:31:47]} Nc6
{[%clk 1:29:49]} 6. a3 {[%clk 1:31:33]} Nh6 {[%clk 1:28:52]} 7. b4
{[%clk 1:31:03]} cxd4 {[%clk 1:29:17]} 8. cxd4 {[%clk 1:31:17]} Nf5
{[%clk 1:29:38]} 9. Bb2 {[%clk 1:30:02]} Bd7 {[%clk 1:29:43]} 10. g4
{[%clk 1:29:26]} Nfe7 {[%clk 1:29:41]} 11. Nc3 {[%clk 1:29:00]} Ng6
{[%clk 1:29:40]} 12. Na4 {[%clk 1:28:01]} Qd8 {[%clk 1:29:09]} 13. Rc1
{[%clk 1:27:09]} Nh4 {[%clk 1:23:12]} 14. Nc5 {[%clk 1:24:39]} Bxc5
{[%clk 1:21:15]} 15. Rxc5 {[%clk 1:22:42]} Rc8 {[%clk 1:08:25]} 16. Rg1
{[%clk 1:11:58]} Nxf3+ {[%clk 1:06:24]} 17. Qxf3 {[%clk 1:12:25]} b6
{[%clk 1:06:48]} 18. Rc1 {[%clk 1:04:35]} Nxd4 {[%clk 1:06:39]} 19. Qf4
{[%clk 1:03:57]} Rxc1+ {[%clk 1:05:24]} 20. Bxc1 {[%clk 1:04:22]} Qc7
{[%clk 1:04:40]} 21. Bb2 {[%clk 1:02:22]} Nc6 {[%clk 1:03:28]} 22. Rg3
{[%clk 0:56:30]} Ne7 {[%clk 0:55:50]} 23. Rf3 {[%clk 0:52:30]} Qc2
{[%clk 0:50:09]} 24. Bc1 {[%clk 0:46:21]} Ba4 {[%clk 0:46:38]} 25. Be2
{[%clk 0:37:30]} O-O {[%clk 0:44:51]} 26. Qd2 {[%clk 0:36:02]} Qe4
{[%clk 0:42:48]} 27. Qe3 {[%clk 0:26:23]} Rc8 {[%clk 0:41:49]} 28. Kf1
{[%clk 0:21:44]} Qb1 {[%clk 0:41:57]} 0-1

[Event "ccc 2015 1"]
[Site "?"]
[Date "2015.04.29"]
[Round "1.2"]
[White "Danielsen, Henrik"]
[Black "Andersen, Søren Mikkel"]
[Result "1-0"]
[BlackElo "2123"]
[WhiteElo "2520"]
[LiveChessVersion "1.4.5"]

1. Nf3 {[%clk 1:30:01]} d5 {[%clk 1:30:44]} 2. d3 {[%clk 1:29:54]} Nf6
{[%clk 1:30:22]} 3. Nbd2 {[%clk 1:29:51]} e6 {[%clk 1:29:11]} 4. e4
{[%clk 1:29:29]} Be7 {[%clk 1:28:37]} 5. c3 {[%clk 1:28:47]} c5 {[%clk 1:28:35]}
6. Be2 {[%clk 1:29:06]} O-O {[%clk 1:28:37]} 7. O-O {[%clk 1:29:27]} Nc6
{[%clk 1:28:25]} 8. Re1 {[%clk 1:29:46]} b6 {[%clk 1:26:05]} 9. e5
{[%clk 1:29:41]} Nd7 {[%clk 1:25:53]} 10. d4 {[%clk 1:30:02]} Bb7
{[%clk 1:24:32]} 11. Nf1 {[%clk 1:30:00]} a5 {[%clk 1:19:52]} 12. Bb5
{[%clk 1:27:26]} Rc8 {[%clk 1:13:04]} 13. Bf4 {[%clk 1:24:48]} Na7
{[%clk 1:04:32]} 14. Bd3 {[%clk 1:24:17]} b5 {[%clk 1:03:30]} 15. Ne3
{[%clk 1:23:17]} Re8 {[%clk 1:01:59]} 16. Rc1 {[%clk 1:22:58]} b4
{[%clk 1:01:46]} 17. Ng4 {[%clk 1:21:51]} Nf8 {[%clk 0:59:16]} 18. g3
{[%clk 1:17:32]} Nc6 {[%clk 0:54:40]} 19. h4 {[%clk 1:17:43]} cxd4
{[%clk 0:39:23]} 20. cxd4 {[%clk 1:18:03]} Ng6 {[%clk 0:33:53]} 21. Be3
{[%clk 1:16:50]} Qb6 {[%clk 0:28:31]} 22. h5 {[%clk 1:16:30]} Nf8
{[%clk 0:28:51]} 23. Qd2 {[%clk 1:16:35]} Nb8 {[%clk 0:26:22]} 24. Bg5
{[%clk 1:13:59]} Qd8 {[%clk 0:23:37]} 25. Rxc8 {[%clk 1:14:03]} Bxc8
{[%clk 0:23:52]} 26. Bxe7 {[%clk 1:12:41]} Rxe7 {[%clk 0:23:19]} 27. Qg5
{[%clk 1:12:58]} Nbd7 {[%clk 0:17:43]} 28. Nh6+ {[%clk 1:13:14]} 1-0

[Event "ccc 2015 1"]
[Site "?"]
[Date "2015.04.29"]
[Round "1.3"]
[White "Dijkhuis, Sven"]
[Black "Tari, Aryan"]
[Result "0-1"]
[BlackElo "2513"]
[WhiteElo "2118"]
[LiveChessVersion "1.4.5"]

1. e4 {[%clk 1:30:54]} c5 {[%clk 1:30:06]} 2. Nf3 {[%clk 1:31:18]} e6
{[%clk 1:30:31]} 3. d4 {[%clk 1:31:35]} cxd4 {[%clk 1:30:55]} 4. Nxd4
{[%clk 1:32:00]} a6 {[%clk 1:31:21]} 5. c4 {[%clk 1:30:44]} Nf6 {[%clk 1:31:26]}
6. Nc3 {[%clk 1:30:19]} Qc7 {[%clk 1:31:39]} 7. Be3 {[%clk 1:28:07]} Bb4
{[%clk 1:29:24]} 8. Bd3 {[%clk 1:27:09]} Nc6 {[%clk 1:18:31]} 9. O-O
{[%clk 1:23:04]} Ne5 {[%clk 1:17:10]} 10. Bf4 {[%clk 1:18:09]} Bxc3
{[%clk 1:13:58]} 11. bxc3 {[%clk 1:18:17]} d6 {[%clk 1:14:06]} 12. Bg3
{[%clk 1:04:31]} O-O {[%clk 1:12:01]} 13. Qe2 {[%clk 0:56:34]} Nxd3
{[%clk 1:07:07]} 14. Qxd3 {[%clk 0:56:54]} e5 {[%clk 1:07:33]} 15. Nc2
{[%clk 0:54:52]} Be6 {[%clk 1:04:57]} 16. Ne3 {[%clk 0:55:12]} Rac8
{[%clk 1:00:48]} 17. Rfd1 {[%clk 0:43:46]} Bxc4 {[%clk 0:48:48]} 18. Nxc4
{[%clk 0:41:36]} Qxc4 {[%clk 0:49:02]} 19. Qxd6 {[%clk 0:39:56]} Nxe4
{[%clk 0:49:05]} 20. Qxe5 {[%clk 0:39:40]} Nxc3 {[%clk 0:48:01]} 21. Re1
{[%clk 0:39:03]} Nxa2 {[%clk 0:46:56]} 22. Qb2 {[%clk 0:37:18]} Nb4
{[%clk 0:45:14]} 23. Rec1 {[%clk 0:34:51]} Qxc1+ {[%clk 0:45:24]} 24. Rxc1
{[%clk 0:34:46]} Nd3 {[%clk 0:45:51]} 25. Rxc8 {[%clk 0:34:52]} Rxc8
{[%clk 0:46:17]} 26. Qd2 {[%clk 0:34:25]} Rc1+ {[%clk 0:46:41]} 27. Qxc1
{[%clk 0:34:50]} Nxc1 {[%clk 0:47:08]} 28. Kf1 {[%clk 0:34:40]} f5
{[%clk 0:46:32]} 29. Bc7 {[%clk 0:33:42]} Kf7 {[%clk 0:46:49]} 30. Ke1
{[%clk 0:32:56]} Nd3+ {[%clk 0:46:23]} 31. Ke2 {[%clk 0:33:02]} Nb4
{[%clk 0:46:47]} 32. Bd6 {[%clk 0:32:15]} Nc6 {[%clk 0:45:31]} 33. Kd3
{[%clk 0:32:11]} b5 {[%clk 0:45:45]} 0-1

[Event "ccc 2015 1"]
[Site "?"]
[Date "2015.04.29"]
[Round "1.4"]
[White "Hector, Jonny"]
[Black "Vesterli, Michael E."]
[Result "1/2-1/2"]
[BlackElo "2118"]
[WhiteElo "2486"]
[LiveChessVersion "1.4.5"]

1. d4 {[%clk 1:30:48]} Nf6 {[%clk 1:30:53]} 2. Nc3 {[%clk 1:31:37]} d5
{[%clk 1:30:47]} 3. Bg5 {[%clk 1:31:59]} e6 {[%clk 1:30:35]} 4. e4
{[%clk 1:32:21]} dxe4 5. Nxe4 {[%clk 1:32:40]} Be7 {[%clk 1:31:17]} 6. Bxf6
{[%clk 1:32:51]} Bxf6 {[%clk 1:31:03]} 7. Nf3 {[%clk 1:32:36]} O-O
{[%clk 1:30:17]} 8. c3 {[%clk 1:32:27]} Nd7 {[%clk 1:27:45]} 9. Qc2
{[%clk 1:30:24]} Qe7 {[%clk 1:24:31]} 10. Bd3 {[%clk 1:30:06]} b6
{[%clk 1:24:28]} 11. O-O-O {[%clk 1:29:42]} Bb7 {[%clk 1:22:41]} 12. g4
{[%clk 1:28:31]} g6 {[%clk 1:19:54]} 13. h4 {[%clk 1:26:48]} c5 {[%clk 1:11:29]}
14. Bb5 {[%clk 1:18:17]} Rad8 {[%clk 1:11:29]} 15. g5 {[%clk 1:15:08]} Bh8
{[%clk 0:51:29]} 16. Qe2 Nb8 {[%clk 0:51:40]} 17. dxc5 {[%clk 1:10:37]} bxc5 18.
Nh2 {[%clk 1:08:41]} Qc7 {[%clk 0:47:43]} 19. f3 {[%clk 1:06:46]} Qf4+
{[%clk 0:42:28]} 20. Kb1 {[%clk 1:06:20]} Rxd1+ 21. Rxd1 {[%clk 1:06:42]} Bxe4+
{[%clk 0:32:28]} 22. fxe4 Qxh4 {[%clk 0:31:45]} 23. Nf3 {[%clk 1:06:28]} Qf4
{[%clk 0:31:28]} 24. Rf1 {[%clk 1:02:15]} Rd8 {[%clk 0:26:53]} 25. Ba4
{[%clk 0:55:32]} Bg7 26. a3 {[%clk 0:53:23]} Bf8 {[%clk 0:25:48]} 27. Rh1 Be7
{[%clk 0:24:15]} 28. Rh4 {[%clk 0:43:00]} Qg3 {[%clk 0:23:52]} 29. Rh1
{[%clk 0:38:18]} Nd7 {[%clk 0:21:34]} 30. e5 Qf4 {[%clk 0:21:54]} 31. Rh4
{[%clk 0:31:26]} Qg3 {[%clk 0:21:29]} 32. Qe4 {[%clk 0:29:54]} Nb6
{[%clk 0:20:41]} 33. Bc2 {[%clk 0:23:44]} Nd5 {[%clk 0:20:54]} 34. c4
{[%clk 0:22:39]} Nb6 {[%clk 0:20:28]} 35. b3 {[%clk 0:22:00]} Rb8
{[%clk 0:18:22]} 36. Ka2 {[%clk 0:21:24]} Qg2 37. Rh2 Qg3 {[%clk 0:18:21]} 38.
Rh1 {[%clk 0:21:11]} Rd8 {[%clk 0:17:18]} 39. a4 Bf8 {[%clk 0:17:32]} 40. a5
{[%clk 0:19:18]} Nc8 41. Rd1 {[%clk 0:17:34]} Rxd1 {[%clk 0:17:16]} 42. Bxd1
{[%clk 0:18:02]} Qg2+ {[%clk 0:15:37]} 43. Kb1 {[%clk 0:17:48]} Qf1
{[%clk 0:13:39]} 44. Kc1 {[%clk 0:09:11]} Ne7 45. Nh2 {[%clk 0:09:18]} Qh3
{[%clk 0:11:53]} 46. Ng4 {[%clk 0:08:49]} Qc3+ 47. Kb1 {[%clk 0:09:06]} Nf5
{[%clk 0:09:40]} 48. Nf6+ {[%clk 0:04:17]} Kg7 {[%clk 0:07:56]} 49. Ne8+ Kg8
{[%clk 0:08:21]} 50. Nf6+ {[%clk 0:04:16]} Kg7 {[%clk 0:08:32]} 51. Ne8+
{[%clk 0:03:03]} Kg8 52. Nf6+ 1/2-1/2

[Event "ccc 2015 1"]
[Site "?"]
[Date "2015.04.29"]
[Round "1.5"]
[White "Vovk, Oksana"]
[Black "Semcesen, Daniel"]
[Result "0-1"]
[BlackElo "2481"]
[WhiteElo "2112"]
[LiveChessVersion "1.4.5"]

1. d4 {[%clk 1:30:57]} f5 {[%clk 1:30:25]} 2. Nf3 {[%clk 1:31:02]} Nf6
{[%clk 1:30:44]} 3. g3 {[%clk 1:31:13]} g6 {[%clk 1:31:05]} 4. Bg2
{[%clk 1:31:36]} Bg7 {[%clk 1:31:30]} 5. O-O {[%clk 1:30:59]} O-O
{[%clk 1:31:54]} 6. b3 {[%clk 1:29:56]} d6 {[%clk 1:31:48]} 7. Bb2
{[%clk 1:30:17]} Qe8 {[%clk 1:31:54]} 8. c4 {[%clk 1:24:31]} h6 {[%clk 1:31:02]}
9. Nc3 {[%clk 1:18:39]} g5 {[%clk 1:29:55]} 10. Qd3 {[%clk 1:13:14]} Qg6
{[%clk 1:21:16]} 11. Rad1 {[%clk 1:04:12]} Na6 {[%clk 1:18:52]} 12. Ne1
{[%clk 0:56:43]} c6 {[%clk 1:13:55]} 13. e4 {[%clk 0:43:31]} e5 {[%clk 1:00:18]}
14. dxe5 {[%clk 0:41:00]} dxe5 {[%clk 1:00:39]} 15. Qd6 {[%clk 0:39:56]} Qh5
{[%clk 0:53:44]} 16. Nf3 {[%clk 0:32:38]} Ne8 {[%clk 0:36:51]} 17. Qd2
{[%clk 0:24:28]} f4 {[%clk 0:36:42]} 18. Ne1 {[%clk 0:23:35]} f3 {[%clk 0:35:12]}
19. Nxf3 {[%clk 0:23:22]} Rxf3 {[%clk 0:33:53]} 20. Bxf3 {[%clk 0:23:19]} Qxf3
{[%clk 0:34:21]} 21. Qe3 {[%clk 0:17:13]} Bg4 {[%clk 0:30:56]} 22. Rd2
{[%clk 0:15:01]} Nc5 {[%clk 0:28:28]} 23. Re1 {[%clk 0:14:09]} Ne6
{[%clk 0:25:49]} 24. Nd1 {[%clk 0:11:52]} Nd4 {[%clk 0:25:32]} 25. Bxd4
{[%clk 0:09:40]} exd4 {[%clk 0:25:50]} 26. Qxf3 {[%clk 0:09:59]} Bxf3
{[%clk 0:26:12]} 27. Nb2 {[%clk 0:08:42]} Rd8 {[%clk 0:24:40]} 28. Nd3
{[%clk 0:09:01]} Nd6 {[%clk 0:24:16]} 29. Nc5 {[%clk 0:08:04]} Re8
{[%clk 0:23:32]} 30. Rd3 {[%clk 0:06:40]} g4 {[%clk 0:23:10]} 31. h3
{[%clk 0:03:30]} h5 {[%clk 0:23:25]} 32. e5 {[%clk 0:02:56]} b6 {[%clk 0:20:46]}
33. Rxd4 {[%clk 0:02:00]} Rxe5 {[%clk 0:19:32]} 34. Rf1 {[%clk 0:02:23]} Nf7
{[%clk 0:18:30]} 35. Nd3 {[%clk 0:02:30]} Re7 {[%clk 0:18:00]} 36. Rf4
{[%clk 0:02:04]} Ng5 {[%clk 0:17:06]} 37. Rxf3 {[%clk 0:01:13]} Nxf3+
{[%clk 0:16:51]} 38. Kg2 {[%clk 0:01:41]} Be5 {[%clk 0:15:13]} 39. hxg4
{[%clk 0:01:55]} hxg4 {[%clk 0:15:40]} 40. Rh1 {[%clk 0:02:16]} Kg7
{[%clk 0:15:19]} 41. Nb4 {[%clk 0:02:18]} Re6 {[%clk 0:15:20]} 42. Nc2
{[%clk 0:02:00]} Bd4 {[%clk 0:15:17]} 43. Rd1 {[%clk 0:01:05]} c5
{[%clk 0:15:35]} 0-1

[Event "ccc 2015 1"]
[Site "?"]
[Date "2015.04.29"]
[Round "1.6"]
[White "Gledura, Benjamin"]
[Black "Risting, Eivind Olav"]
[Result "1-0"]
[BlackElo "2107"]
[WhiteElo "2478"]
[LiveChessVersion "1.4.5"]

1. d4 {[%clk 1:30:57]} e6 {[%clk 1:30:36]} 2. c4 {[%clk 1:30:54]} f5
{[%clk 1:30:51]} 3. Nf3 {[%clk 1:30:38]} Nf6 {[%clk 1:31:14]} 4. g3
{[%clk 1:30:19]} c6 {[%clk 1:31:04]} 5. Bg2 {[%clk 1:29:04]} d5 {[%clk 1:31:23]}
6. O-O {[%clk 1:28:40]} Bd6 {[%clk 1:31:29]} 7. Bf4 {[%clk 1:25:27]} Bxf4
{[%clk 1:30:18]} 8. gxf4 {[%clk 1:25:51]} O-O {[%clk 1:29:55]} 9. e3
{[%clk 1:23:46]} Qe8 {[%clk 1:27:44]} 10. Nbd2 {[%clk 1:21:29]} h6
{[%clk 1:22:34]} 11. Rc1 {[%clk 1:13:27]} Kh7 {[%clk 1:17:40]} 12. b4
{[%clk 1:09:35]} Rg8 {[%clk 1:08:07]} 13. Ne5 {[%clk 1:01:50]} Nbd7
{[%clk 1:00:27]} 14. Qe2 {[%clk 0:54:48]} g5 {[%clk 0:53:22]} 15. fxg5
{[%clk 0:51:03]} Rxg5 {[%clk 0:49:25]} 16. f4 {[%clk 0:49:11]} Rg7
{[%clk 0:49:13]} 17. cxd5 {[%clk 0:44:28]} cxd5 {[%clk 0:45:34]} 18. Rc7
{[%clk 0:40:40]} Ne4 {[%clk 0:35:54]} 19. Nxe4 {[%clk 0:37:27]} dxe4
{[%clk 0:34:00]} 20. Rfc1 {[%clk 0:34:23]} Qg8 {[%clk 0:21:47]} 21. Nxd7
{[%clk 0:32:08]} Rxd7 {[%clk 0:20:48]} 22. Qb5 {[%clk 0:31:38]} Rg7
{[%clk 0:19:48]} 23. Rxg7+ {[%clk 0:30:37]} Qxg7 {[%clk 0:20:00]} 24. Qe8
{[%clk 0:29:53]} 1-0

[Event "ccc 2015 1"]
[Site "?"]
[Date "2015.04.29"]
[Round "1.7"]
[White "Brøndal, Paul"]
[Black "Antonsen, Mikkel Djernæs"]
[Result "0-1"]
[BlackElo "2472"]
[WhiteElo "2103"]
[LiveChessVersion "1.4.5"]

1. d4 {[%clk 1:30:54]} Nf6 {[%clk 1:30:57]} 2. c4 {[%clk 1:31:17]} g6
{[%clk 1:31:23]} 3. Nc3 {[%clk 1:31:24]} d5 {[%clk 1:31:48]} 4. Nf3
{[%clk 1:31:37]} Bg7 {[%clk 1:32:13]} 5. Qb3 {[%clk 1:31:39]} dxc4
{[%clk 1:32:30]} 6. Qxc4 {[%clk 1:32:02]} O-O {[%clk 1:32:55]} 7. e4
{[%clk 1:31:55]} a6 {[%clk 1:33:17]} 8. Be2 {[%clk 1:30:53]} b5 {[%clk 1:33:31]}
9. Qb3 {[%clk 1:29:24]} c5 {[%clk 1:33:39]} 10. dxc5 {[%clk 1:25:20]} Be6
{[%clk 1:33:53]} 11. Qc2 {[%clk 1:22:30]} Nbd7 {[%clk 1:31:24]} 12. O-O
{[%clk 1:18:11]} Nxc5 {[%clk 1:27:28]} 13. Rd1 {[%clk 1:15:24]} Qc7
{[%clk 1:23:14]} 14. Ng5 {[%clk 1:03:12]} Rac8 {[%clk 1:15:50]} 15. Be3
{[%clk 0:59:51]} b4 {[%clk 1:06:25]} 16. Na4 {[%clk 0:46:01]} Ncxe4
{[%clk 1:06:48]} 17. Qxc7 {[%clk 0:46:04]} Rxc7 {[%clk 1:07:14]} 18. Nxe6
{[%clk 0:45:36]} fxe6 {[%clk 1:07:40]} 19. Bf3 {[%clk 0:32:28]} Kf7
{[%clk 1:01:57]} 20. Rd4 {[%clk 0:26:00]} Nd6 {[%clk 1:02:13]} 21. Rxb4
{[%clk 0:24:55]} Nd5 {[%clk 1:02:30]} 22. Bxd5 {[%clk 0:17:43]} exd5
{[%clk 1:02:53]} 23. Nb6 {[%clk 0:17:39]} e6 {[%clk 0:58:16]} 24. Rc1
{[%clk 0:13:43]} Rxc1+ {[%clk 0:53:42]} 25. Bxc1 {[%clk 0:14:09]} Kg8
{[%clk 0:41:25]} 26. Ra4 {[%clk 0:12:45]} Ne4 {[%clk 0:32:44]} 27. Be3
{[%clk 0:12:09]} d4 {[%clk 0:31:19]} 28. Bc1 {[%clk 0:07:18]} Nxf2
{[%clk 0:15:39]} 29. Rxa6 {[%clk 0:07:17]} Nd3 {[%clk 0:15:20]} 30. Bg5
{[%clk 0:06:47]} Nc5 {[%clk 0:11:28]} 31. Ra8 {[%clk 0:05:49]} Rxa8
{[%clk 0:11:28]} 32. Nxa8 {[%clk 0:06:14]} Ne4 {[%clk 0:10:42]} 33. Bc1
{[%clk 0:06:17]} d3 {[%clk 0:11:04]} 34. b4 {[%clk 0:06:23]} Bb2 {[%clk 0:09:30]}
35. Bh6 {[%clk 0:06:01]} g5 {[%clk 0:09:44]} 36. Kf1 {[%clk 0:06:10]} d2
{[%clk 0:10:03]} 37. Ke2 {[%clk 0:06:19]} Bc1 {[%clk 0:10:31]} 0-1

[Event "ccc 2015 1"]
[Site "?"]
[Date "2015.04.29"]
[Round "1.8"]
[White "Nielsen, Jens Ove Fries"]
[Black "Kyrkjebo, Erlend"]
[Result "1-0"]
[BlackElo "2074"]
[WhiteElo "2458"]
[LiveChessVersion "1.4.5"]

1. e3 {[%clk 1:30:24]} Nf6 {[%clk 1:29:22]} 2. c4 {[%clk 1:29:14]} c5
{[%clk 1:25:49]} 3. f4 {[%clk 1:27:31]} Nc6 {[%clk 1:23:04]} 4. Nf3
{[%clk 1:27:51]} d6 {[%clk 1:22:32]} 5. Nc3 {[%clk 1:27:10]} g6 {[%clk 1:16:37]}
6. b3 {[%clk 1:26:23]} Bg7 {[%clk 1:14:09]} 7. Bb2 {[%clk 1:26:11]} O-O
{[%clk 1:12:26]} 8. Be2 {[%clk 1:26:21]} Bd7 {[%clk 1:07:15]} 9. O-O
{[%clk 1:26:45]} e6 {[%clk 0:55:32]} 10. Qe1 {[%clk 1:26:07]} Ne7
{[%clk 0:48:01]} 11. Rb1 {[%clk 1:23:02]} Bc6 {[%clk 0:45:34]} 12. Qh4
{[%clk 1:21:52]} a6 {[%clk 0:35:18]} 13. g4 {[%clk 1:20:17]} d5 {[%clk 0:24:27]}
14. Nd1 {[%clk 1:19:00]} d4 {[%clk 0:22:11]} 15. Nf2 {[%clk 1:16:07]} Be4
{[%clk 0:09:11]} 16. Nxe4 {[%clk 1:03:02]} Nxe4 {[%clk 0:09:24]} 17. Bd3
{[%clk 1:02:24]} Nxd2 {[%clk 0:04:17]} 18. Nxd2 {[%clk 0:59:38]} dxe3
{[%clk 0:04:37]} 19. Ne4 {[%clk 0:37:21]} Bxb2 {[%clk 0:04:25]} 20. Rxb2
{[%clk 0:30:27]} Qxd3 {[%clk 0:04:26]} 21. Nf6+ {[%clk 0:26:36]} Kg7
{[%clk 0:04:54]} 22. Qxh7+ {[%clk 0:22:00]} Kxf6 {[%clk 0:05:22]} 23. g5+
{[%clk 0:22:17]} Kf5 {[%clk 0:05:47]} 24. Qh3+ {[%clk 0:21:41]} Ke4
{[%clk 0:06:16]} 25. Qf3+ {[%clk 0:21:36]} Kf5 {[%clk 0:06:22]} 26. Rg2
{[%clk 0:20:32]} Qc3 {[%clk 0:03:00]} 27. Qg4+ {[%clk 0:20:02]} Ke4
{[%clk 0:03:28]} 28. f5+ {[%clk 0:19:34]} Kd3 {[%clk 0:03:06]} 29. Rd1+
{[%clk 0:19:19]} 1-0

[Event "ccc 2015 1"]
[Site "?"]
[Date "2015.04.29"]
[Round "1.9"]
[White "Pallesen, Jacob"]
[Black "Galyas, Miklos"]
[Result "0-1"]
[BlackElo "2449"]
[WhiteElo "2059"]
[LiveChessVersion "1.4.5"]

1. g3 {[%clk 1:30:57]} g6 {[%clk 1:30:35]} 2. Bg2 {[%clk 1:31:12]} Bg7
{[%clk 1:30:56]} 3. d3 {[%clk 1:31:21]} e5 {[%clk 1:29:00]} 4. Nf3
{[%clk 1:29:27]} d6 {[%clk 1:28:55]} 5. O-O {[%clk 1:28:15]} f5 {[%clk 1:27:08]}
6. c3 {[%clk 1:26:38]} Nf6 {[%clk 1:27:07]} 7. Qb3 {[%clk 1:25:22]} c6
{[%clk 1:26:00]} 8. Bg5 {[%clk 1:22:15]} Qe7 {[%clk 1:17:23]} 9. Nbd2
{[%clk 1:20:49]} Nbd7 {[%clk 1:06:56]} 10. e4 {[%clk 1:18:50]} Nc5
{[%clk 1:03:59]} 11. Qc2 {[%clk 1:18:23]} O-O {[%clk 1:02:44]} 12. Nh4
{[%clk 1:11:14]} f4 {[%clk 0:57:53]} 13. gxf4 {[%clk 0:55:17]} exf4
{[%clk 0:50:04]} 14. d4 {[%clk 0:54:18]} Ne6 {[%clk 0:50:06]} 15. Bxf6
{[%clk 0:48:57]} Qxf6 {[%clk 0:48:28]} 16. Nhf3 {[%clk 0:48:47]} g5
{[%clk 0:47:14]} 17. e5 {[%clk 0:46:17]} Qh6 {[%clk 0:46:41]} 18. exd6
{[%clk 0:41:10]} g4 {[%clk 0:46:52]} 19. Ne5 {[%clk 0:40:03]} f3 {[%clk 0:41:32]}
20. Bh1 {[%clk 0:30:11]} Nf4 {[%clk 0:38:45]} 21. Rfe1 {[%clk 0:29:42]} Bf5
{[%clk 0:34:41]} 22. Ne4 {[%clk 0:26:26]} Nh3+ {[%clk 0:33:20]} 23. Kf1
{[%clk 0:26:44]} Qf4 {[%clk 0:30:02]} 24. Qb3+ {[%clk 0:13:41]} Kh8
{[%clk 0:30:16]} 25. Ng3 {[%clk 0:13:46]} Qd2 {[%clk 0:30:29]} 0-1

[Event "ccc 2015 1"]
[Site "?"]
[Date "2015.04.29"]
[Round "1.10"]
[White "Brynell, Stellan"]
[Black "Surender, Anil"]
[Result "1-0"]
[BlackElo "2056"]
[WhiteElo "2433"]
[LiveChessVersion "1.4.5"]

1. e4 {[%clk 1:30:53]} g6 {[%clk 1:30:45]} 2. d4 {[%clk 1:31:18]} Bg7
{[%clk 1:31:09]} 3. Nf3 {[%clk 1:31:44]} d6 {[%clk 1:31:33]} 4. Bc4
{[%clk 1:32:08]} e6 {[%clk 1:30:23]} 5. Bb3 {[%clk 1:30:37]} Ne7 {[%clk 1:29:24]}
6. O-O {[%clk 1:30:57]} a6 {[%clk 1:28:08]} 7. Re1 {[%clk 1:29:56]} b6
{[%clk 1:22:22]} 8. c3 {[%clk 1:28:00]} h6 {[%clk 1:21:52]} 9. Nbd2
{[%clk 1:28:06]} Bb7 {[%clk 1:22:01]} 10. Nf1 {[%clk 1:28:23]} Nd7
{[%clk 1:21:49]} 11. Ng3 {[%clk 1:28:42]} c5 {[%clk 1:16:35]} 12. h4
{[%clk 1:24:27]} Qc7 {[%clk 1:14:57]} 13. h5 {[%clk 1:22:55]} g5 {[%clk 1:15:02]}
14. d5 {[%clk 1:22:04]} e5 {[%clk 1:03:52]} 15. Nh2 {[%clk 1:18:43]} Rf8
{[%clk 0:59:20]} 16. Ng4 {[%clk 1:16:16]} f5 {[%clk 0:53:37]} 17. Nxf5
{[%clk 1:13:05]} Rxf5 {[%clk 0:46:26]} 18. exf5 {[%clk 1:13:24]} Nxf5
{[%clk 0:45:56]} 19. Qd3 {[%clk 1:09:11]} Ne7 {[%clk 0:44:47]} 20. Qh7
{[%clk 1:09:27]} Kf8 {[%clk 0:40:22]} 21. Bxg5 {[%clk 1:05:26]} hxg5
{[%clk 0:40:01]} 22. h6 {[%clk 1:05:44]} Bf6 {[%clk 0:39:58]} 23. Nxf6
{[%clk 1:05:46]} Nxf6 {[%clk 0:40:23]} 24. Qg7+ {[%clk 1:06:09]} Ke8
{[%clk 0:40:47]} 25. Qxf6 {[%clk 1:06:25]} Bxd5 {[%clk 0:40:58]} 26. Bxd5
{[%clk 1:06:34]} Nxd5 {[%clk 0:41:23]} 27. Qh8+ {[%clk 1:06:05]} 1-0

[Event "ccc 2015 1"]
[Site "?"]
[Date "2015.04.29"]
[Round "1.11"]
[White "Lien, Kjell Håkon"]
[Black "Haub, Thorsten Michael"]
[Result "0-1"]
[BlackElo "2412"]
[WhiteElo "2054"]
[LiveChessVersion "1.4.5"]

1. e4 {[%clk 1:30:58]} g6 {[%clk 1:30:55]} 2. d4 {[%clk 1:31:03]} Bg7
{[%clk 1:31:19]} 3. c4 {[%clk 1:30:11]} d6 {[%clk 1:31:42]} 4. Nc3
{[%clk 1:30:14]} Nd7 {[%clk 1:32:01]} 5. Be3 {[%clk 1:29:35]} e6 {[%clk 1:32:11]}
6. f4 {[%clk 1:29:12]} Ne7 {[%clk 1:32:35]} 7. Bd3 {[%clk 1:25:33]} a6
{[%clk 1:32:06]} 8. Nge2 {[%clk 1:25:43]} d5 {[%clk 1:27:20]} 9. O-O
{[%clk 1:25:02]} dxe4 {[%clk 1:27:29]} 10. Nxe4 {[%clk 1:24:24]} O-O
{[%clk 1:26:56]} 11. Bf2 {[%clk 1:17:21]} Qe8 {[%clk 1:21:16]} 12. Qd2
{[%clk 1:12:33]} b6 {[%clk 1:19:05]} 13. Rac1 {[%clk 1:12:04]} Bb7
{[%clk 1:16:05]} 14. Rfd1 {[%clk 1:10:51]} Rd8 {[%clk 1:12:09]} 15. Qb4
{[%clk 1:06:17]} Nf6 {[%clk 1:09:38]} 16. Nxf6+ {[%clk 0:40:23]} Bxf6
{[%clk 1:09:39]} 17. d5 {[%clk 0:38:26]} exd5 {[%clk 1:07:25]} 18. c5
{[%clk 0:38:49]} b5 {[%clk 0:57:10]} 19. a4 {[%clk 0:39:09]} Nc6 {[%clk 0:57:20]}
20. Qb3 {[%clk 0:37:26]} b4 {[%clk 0:55:22]} 21. Re1 {[%clk 0:29:41]} Qd7
{[%clk 0:54:44]} 22. Rcd1 {[%clk 0:29:41]} Rfe8 {[%clk 0:53:22]} 23. Bb1
{[%clk 0:24:05]} Re7 {[%clk 0:48:21]} 24. Ba2 {[%clk 0:24:11]} Qe8
{[%clk 0:37:38]} 25. Ng3 {[%clk 0:18:22]} a5 {[%clk 0:34:03]} 26. Rxe7
{[%clk 0:15:49]} Nxe7 {[%clk 0:34:11]} 27. Ne4 {[%clk 0:15:47]} Bg7
{[%clk 0:30:42]} 28. Bh4 {[%clk 0:16:04]} dxe4 {[%clk 0:24:08]} 29. Rxd8
{[%clk 0:12:59]} Qxd8 {[%clk 0:24:31]} 30. Qxf7+ {[%clk 0:13:25]} Kh8
{[%clk 0:24:55]} 31. h3 {[%clk 0:04:37]} Qf8 {[%clk 0:17:01]} 32. Qxf8+
{[%clk 0:04:52]} Bxf8 {[%clk 0:17:25]} 33. Bf6+ {[%clk 0:05:19]} Bg7
{[%clk 0:17:50]} 34. Bxe7 {[%clk 0:05:45]} Bxb2 {[%clk 0:17:52]} 35. Bc4
{[%clk 0:04:47]} Bc6 {[%clk 0:17:26]} 36. Bb3 {[%clk 0:02:59]} Bd4+
{[%clk 0:16:13]} 37. Kf1 {[%clk 0:03:21]} Bb7 {[%clk 0:14:55]} 38. Bc4
{[%clk 0:03:47]} Kg7 {[%clk 0:13:01]} 39. Bd8 {[%clk 0:03:39]} b3
{[%clk 0:11:56]} 40. Bxb3 {[%clk 0:03:32]} Ba6+ {[%clk 0:12:20]} 41. Ke1
{[%clk 0:03:45]} e3 {[%clk 0:12:21]} 0-1